000 01987nam a22003017a 4500
001 8514
003 FISKH
005 20250917100441.0
008 250917b cb ||||| |||| 00| 0 eng d
020 _a9789995053963
040 _aFISKH
_bkhr
_cFISKH
_dFISKH
050 _aPZ7
082 _a590
100 _aPisotheary, Keo
245 _aឃ្មុំ /
_cអ្នកនិពន្ធ​ អ្នកស្រី កែវ ពិសុទ្ធារី ,​ វិចិត្រករ លោក កែវ ផុនផល្លា​
260 _aPhnom Penh :
_bRoom to Read ,
_c2011.
300 _a10 pages :
_bcolor illustrations ;
_c27 cm .
505 _aE
520 _aនៅពេលដែលកុមារពីរនាក់នាំគ្នាទៅរុកសម្បុកឃ្មុំលេង ឃ្មុំទាំងអស់ក៏ហើរចេញពីសម្បុក ៕​ កុមារទាំងពីរឃើញដូច្នេះ ក៏នាំគ្នារត់គេចពីសត្វឃ្មុំ ដោយយកក្រមារមករុំផង នាំគ្នាហក់ចូលទឹកបឹងផង ប៉ុន្តែឃ្មុំនៅតែតាមមកពីក្រោយកុមារទាំងពីរ ។​ តើធ្វើយ៉ាងណាទើបកុមារទាំងពីរ អាចរត់ចេញពីសត្វឃ្មុំបាន ។​
520 _aWhen two children poke a beehieve, a swarn of bees flies out . To escape the bees the children wrap themselves in scarves and plung into the lake. But the bees continue to chase after them. How will the children escape?
521 8 _a250
_bLexile estimate
521 8 _aE
_bRaz-Plus
650 _aឃ្មុំ
_vរឿងនិទានកុមារ
650 _aBees
_vChildren's story
700 _aPhunphalla, Keo
_eIllustrator
942 _2ddc
_cBK
_n0
999 _c8514
_d8514